|
|
|
|
| LEADER |
00000cam a2200000 ab4500 |
| 001 |
vtls011609305 |
| 003 |
SK-MaSNL |
| 005 |
20260301093424.0 |
| 008 |
240313s2016 xo a f n 001 0 slo |
| 015 |
|
|
|a SNBA2017/03
|
| 020 |
|
|
|a 9788022415279
|q (viaz.)
|
| 035 |
|
|
|a urn:nbn:sk:snk-am00dfyj
|
| 035 |
|
|
|a urn:nbn:sk:snk-am3i0yp
|
| 035 |
|
|
|a 33D87DA5-359C-4031-9FFE-FB95FC2886F9
|
| 040 |
|
|
|a SNK
|b slo
|c SNK
|e AACR2
|
| 041 |
0 |
|
|a slo
|b eng
|
| 044 |
|
|
|a xo
|c SK
|
| 072 |
|
7 |
|a 14
|x Filozofické systémy a hľadiská
|2 konspekt
|
| 080 |
|
|
|a 14:159.955
|2 2011
|
| 080 |
|
|
|a 801.73
|2 2011
|
| 080 |
|
|
|a 141
|2 2011
|
| 080 |
|
|
|a 165.194
|2 2011
|
| 080 |
|
|
|a (048.8)
|2 2011
|
| 100 |
1 |
|
|a Bánovský, Juraj
|4 aut
|9 425787
|
| 245 |
1 |
0 |
|a Teórie mysle
|b k problému interpretácie iných myslí
|c Juraj Bánovský
|
| 250 |
|
|
|a 1. vyd.
|
| 260 |
|
|
|a Bratislava
|b Veda
|c 2016
|
| 300 |
|
|
|a 213 s.
|b sch.
|c 21 cm
|
| 504 |
|
|
|a Bibliogr.: s. 193-208 ; men. reg. ; pozn.
|
| 546 |
|
|
|a Res. angl.
|
| 650 |
0 |
7 |
|a filozofia mysle
|2 SNKPH
|9 13713
|
| 650 |
0 |
7 |
|a Philosophy oh thinking
|2 SNKPHeng
|9 317432
|
| 650 |
0 |
7 |
|a interpretácia (filozofia)
|2 SNKPH
|9 73078
|
| 650 |
0 |
7 |
|a Interpretation (philosophy)
|2 SNKPHeng
|9 313036
|
| 650 |
0 |
7 |
|a filozofické smery
|2 SNKPH
|9 4355
|
| 650 |
0 |
7 |
|a Philosophical movements
|2 SNKPHeng
|9 308014
|
| 650 |
0 |
7 |
|a kognitívna veda
|2 SNKPH
|9 67849
|
| 650 |
0 |
7 |
|a Cognitive science
|2 SNKPHeng
|9 86407
|
| 655 |
|
7 |
|a monografie
|2 SNKPH
|9 70139
|
| 655 |
|
7 |
|a Monographs
|2 SNKPHeng
|9 120675
|
| 852 |
|
|
|a Štátna vedecká knižnica v Banskej Bystrici
|
| 919 |
|
|
|a 978-80-224-1527-9
|
| 958 |
|
|
|a NB
|
| 999 |
|
|
|c 676972
|d 678902
|
| 952 |
|
|
|a SNK
|b SNK
|y PREZ
|7 0
|p 17A1254438
|o snkSC 173480
|i snk2017/5650
|8 0
|0 0
|1 0
|4 0
|d 2017-03-01
|f 1
|l 0
|r 2025-09-11 00:00:00
|w 2026-02-23
|
| 952 |
|
|
|a SNK
|b SNK
|y VYP
|7 0
|p 17A1254439
|o snkSC 173480 D1
|i snk2017/5651
|8 0
|0 0
|1 0
|4 0
|d 2017-03-01
|l 0
|r 2026-02-23 19:45:17
|w 2026-02-23
|
| 952 |
|
|
|t snkBAN 14:159.95
|a SNKUST
|b SNKUST
|y PREZ
|7 0
|p 17A1257530
|o snkSC 173480 D2
|i snk2017/9590
|8 0
|0 0
|1 0
|4 0
|d 2017-04-24
|l 0
|r 2025-04-28 00:00:00
|w 2026-02-23
|